000 006110000a22002170004500
003 LK-CoMWRAF
005 20231109090811.0
008 230817t1976 ||||| |||| 00| 0 eng d
020 _a0070500150
040 _aLK-CoMWRAF
_dLK-CoMWRAF
_eLK-CoMWRAF
041 _aeng
082 _a155.2
_bPIK
100 _aPikunas, Justin
245 _aHuman Development:
_ban Emergent Science
250 _a3rd ed.
260 _aNew York:
_bMcGraw-Hill,
_c1976
300 _a xviii, 435 p. : ill. ; 24 cm.
_bGlossary and index included
650 _aDEVELOPMENTAL PSYCHOLOGY
650 _aChild development
942 _cBK
999 _c1116
_d1116